000 00407nam a2200133Ia 4500
003 GCL
008 140319s9999 xx 000 0 ara d
040 _aGCL /
_cGCL
082 0 4 _aط
_b371.9044
_bس م
245 1 0 _aالله خالق الحيوانات الاليفة
260 _a[S.N] :
_bدار المعارف ،
_c1987
300 _a14
490 _aالمسلم الصغير فى عالم التلوين
_v0
999 _c58060
_d58060